| 000 | 00415nam a2200181Ia 4500 | ||
|---|---|---|---|
| 001 | 1859 | ||
| 005 | 20260306143759.0 | ||
| 008 | 260306t2009||||xx |||||||||||||| ||spa|| | ||
| 041 | _aESP | ||
| 082 |
_a155.92 _bT893 |
||
| 100 |
_aTwenge, Jean M. _eAUT |
||
| 245 | 4 | _aThe narcissism epidemic | |
| 260 | _c2009 | ||
| 300 |
_a339 páginas : _c23 cm. |
||
| 650 | _aGEN | ||
| 654 | _aCPS | ||
| 942 |
_cLIB _dJUS _fJUS _2ddc _n |
||
| 999 |
_c1859 _d1859 |
||